Central Library OPAC University of Rajshahi

Modern French poets on poetry : (Record no. 20262)

MARC details
000 -LEADER
fixed length control field 00889cam a22002771a 4500
001 - CONTROL NUMBER
control field 20262
003 - CONTROL NUMBER IDENTIFIER
rucl marc code BD-RjUL
005 - DATE AND TIME OF LATEST TRANSACTION
control field 20211209000536.0
008 - FIXED-LENGTH DATA ELEMENTS--GENERAL INFORMATION
fixed length control field 140227s1961 enk b 001 0 eng
035 ## - SYSTEM CONTROL NUMBER
System control number (BD-RjUL)20324
System control number (OCoLC)341500
040 ## - CATALOGING SOURCE
Original cataloging agency DLC
Transcribing agency ODaWU
Modifying agency OCoLC
-- IW
-- DLC
-- BD-RjUL
Language of cataloging eng
041 0# - LANGUAGE CODE
Language code of text/sound track or separate title engfre
082 04 - DEWEY DECIMAL CLASSIFICATION NUMBER
Classification number 841.9
Author mark and year GIM 1961
245 00 - TITLE STATEMENT
Title Modern French poets on poetry :
Remainder of title an anthology /
Statement of responsibility, etc. arranged and annotated by Robert Gibson.
260 ## - PUBLICATION, DISTRIBUTION, ETC. (IMPRINT)
Place of publication, distribution, etc. London :
Name of publisher, distributor, etc. Cambridge [Eng.] University Press,
Date of publication, distribution, etc. 1961.
300 ## - PHYSICAL DESCRIPTION
Pagination 291 p. ;
Size 24 cm.
504 ## - BIBLIOGRAPHY, ETC. NOTE
Bibliography, etc Includes bibliographical references and index.
650 #0 - SUBJECT ADDED ENTRY--TOPICAL TERM
Topical term or geographic name as entry element French poetry
General subdivision History and criticism.
9 (RLIN) 62454
Topical term or geographic name as entry element French literature.
9 (RLIN) 62455
Topical term or geographic name as entry element Poetics.
9 (RLIN) 62456
700 1# - ADDED ENTRY--PERSONAL NAME
Personal name Gibson, Robert,
Dates associated with a name 1927-
Relator term ed.
942 ## - ADDED ENTRY ELEMENTS (KOHA)
Source of classification or shelving scheme Dewey Decimal Classification
Koha item type Books
Holdings
Lost status Source of classification or shelving scheme Damaged status Not for loan Permanent Location Current Location Shelving location Date acquired Source of acquisition Cost, normal purchase price Total Checkouts Full call number Date last seen Copy number Koha item type
  Dewey Decimal Classification   Not For Loan Central Library, University of Rajshahi Central Library, University of Rajshahi Reading Room 13/02/1963 Zeitlinger 42.00   841.9 GIM 1961 27/02/2014 C-1 Books